00884nam a2200229 a 4500001001000000003000500010005001700015008004100032010001100073011001100084040000900095100003400104245012800138260004100266500006000307502007700367650004800444650002500492650004100517650002600558856007000584000115714CHAP20220329144545.0190627s2018 mx |sm |||||||spa d a112175 a113147 cCHAP1 aRoldán Suárez, Elizabeth.10aGestión de redes de innovación en la producción de maíz en Méxicoh[En línea]cpor Elizabeth Roldán Suárez. aChapingo, Méx. :bEl autor,c2018. aPara ver el contenido del material haga clic en la liga aTesis (Ph. D. en Problemas Economico Agroindustriales) -- UACH. CIESTAAM14aAgriculturaxTransferencia de tecnología.14aAnálisis de redes.14aMaízxInnovaciones tecnológicas.14aMaízxProducción. aFinding aiduhttp://10.13.5.2/tesis/sist115714.pdfzTeclea aquí